DEVELOPING COUNTRIES and ILO standards (Record no. 713817)

MARC details
000 -LEADER
fixed length control field 00591nam a2200217Ia 4500
003 - CONTROL NUMBER IDENTIFIER
control field OSt
005 - DATE AND TIME OF LATEST TRANSACTION
control field 20220928102402.0
008 - FIXED-LENGTH DATA ELEMENTS--GENERAL INFORMATION
fixed length control field 220927b |||||||| |||| 00| 0 eng d
037 ## - SOURCE OF ACQUISITION
Terms of availability Textual
040 ## - CATALOGING SOURCE
Original cataloging agency SDCL
Transcribing agency SDCL
Language of cataloging eng
041 ## - LANGUAGE CODE
Source of code eng
Language code of text/sound track or separate title eng
245 #0 - TITLE STATEMENT
Title DEVELOPING COUNTRIES and ILO standards
260 ## - PUBLICATION, DISTRIBUTION, ETC.
Place of publication, distribution, etc. Bangkok
Name of publisher, distributor, etc. International Labour Organisation
Date of publication, distribution, etc. 1983
300 ## - PHYSICAL DESCRIPTION
Extent 157p
Dimensions cm.
942 ## - ADDED ENTRY ELEMENTS (KOHA)
Classification part X:9-89(p1(X)),N82, M3
Koha item type Textual
Source of classification or shelving scheme Colon Classification (CC)
Holdings
Withdrawn status Lost status Damaged status Not for loan Home library Current library Date acquired Total Checkouts Full call number Barcode Date last seen Price effective from Koha item type
        South Campus Library South Campus Library 2022-09-28   X:9-89(p1(X)),N82 M3 SC0857670 2022-09-28 2022-09-28 Textual
Copyright @ Delhi University Library System